000 00370nam a2200145Ia 4500
005 20250429041245.0
008 240331s9999 xx 000 0 und d
082 _a294
_bIDA
100 _aIdamarugu, J
245 0 _aBhramana mdham
260 _aChennai
_bAlaikal Veliyitagam
_c1995
300 _a256 p .,
500 _aBhiraamana mathathin thotramum valarchium
942 _cL
999 _c958
_d958